Porušovanie práv duševného vlastníctva a doménové spor
Doménové spory sú často sprevádzané potenciálnym porušovaním práv duševného vlastníctva, najčastejšie práv z ochranných známok. Popri klasickom súdnom konaní boli vo viacerých vrcholových doménach (TLD) zavedené alternatívne riešenia sporov (ADR). Od januára 2017 aj spory vo vrcholovej doméne .sk bu...
Guardado en:
| Autor principal: | |
|---|---|
| Formato: | Capítulo de libro |
| Lenguaje: | eslovaco |
| Materias: | |
| Etiquetas: |
Sin Etiquetas, Sea el primero en etiquetar este registro!
|
MARC
| LEADER | 00000naa a2200000 4500 | ||
|---|---|---|---|
| 001 | 0239567 | ||
| 005 | 20220805073540.1 | ||
| 041 | 0 | |a slo | |
| 044 | |a SK | ||
| 245 | 1 | 0 | |a Porušovanie práv duševného vlastníctva a doménové spor |c Tomáš Klinka |
| 520 | |a Doménové spory sú často sprevádzané potenciálnym porušovaním práv duševného vlastníctva, najčastejšie práv z ochranných známok. Popri klasickom súdnom konaní boli vo viacerých vrcholových doménach (TLD) zavedené alternatívne riešenia sporov (ADR). Od januára 2017 aj spory vo vrcholovej doméne .sk bude možné riešiť v rámci ADR. | ||
| 610 | 2 | 0 | |a vlastníctvo duševné |
| 610 | 2 | 0 | |a internet |
| 610 | 2 | 0 | |a právo autorské |
| 610 | 2 | 0 | |a technológie informačné |
| 610 | 2 | 0 | |a technológie komunikačné |
| 610 | 2 | 0 | |a technológie nové |
| 100 | 1 | |a Klinka, Tomáš | |